Statistiques concernant Carte des villes d'Amérique du Nord

Cliquez ici pour prendre le quiz!

Statistiques générales

  • Ce quiz a été pris 121 fois
  • Le résultat moyen est 17 sur 21

Réponses sur la Carte

Les réponses sont colorées sur une échelle allant du rouge au vert en fonction du pourcentage des utilisateurs qui les ont devinées à leur premier essai. Vous pouvez retrouver ces pourcentages ci-dessous.
 

Statistiques - réponses

Réponse% Correct
Miami
93%
Dallas
92%
New York City
91%
Chicago
90%
Panama
90%
San Francisco
90%
Mexico
89%
Seattle
89%
Honolulu
87%
La Havane
87%
Los Angeles
86%
Washington
85%
Toronto
84%
Denver
80%
Punta Cana
76%
Anchorage
74%
Cancún
72%
Monterrey
69%
Calgary
67%
Fairbanks
57%
Uranium City
49%

Distribution des résultats

Percentile par nombre de réponses

% des personnes avec chaque résultat

Votre développement - résultats

Vous n’avez pas pris ce quiz